Statistiques concernant quiz de films divers

Cliquez ici pour prendre le quiz!

Statistiques générales

  • Ce quiz a été pris 264 fois
  • Le résultat moyen est 18 sur 53

Statistiques - réponses

genreindicationréponse% Correct
il vole aux riches pour donner aux pauvresrobin des bois
85%
c'est l'histoire d'une fabuleuse chocolaterieCharlie et la chocolaterie
81%
serie de films Pixar qui compte 4 voletstoy story
72%
"quand je serai roi, je supprimerai la tradition"le roi lion
68%
disneypremier long métrageblanche neige
66%
une poupée tueusechucky
65%
"merci la gueuse, t'es une laideron mais t'es bien bonne!"les visiteurs
64%
surtout, ne pas les nourrir après minuitgremlins
63%
"si j'aurai su, je serai pas venu"la guerre des boutons
61%
film culte de Kubrickshining
59%
"salut Georgie.."ça
55%
le cannibal le plus célèbrele silence des agneaux
53%
film qui se passe dans un internat du nom de "fond de l'étang"les choristes
48%
film avec Audrey Tautou et Mathieu Kassovitzle fabuleux destin d'Amélie Poulain
47%
une bande de jeune Ultra violent habillé en blanc avec des chapeaux noirorange mécanique
46%
1 heure sur cette planète = 7 ans sur terreinterstellar
45%
1955, 1985, 2015, 1885retour vers le futur
45%
sorti en 1964 avec Julie Andrews à l'affichemary Poppins
42%
John Travolta a l'air confuspulp fiction
42%
film où deux personnes se retrouvent dans une salle de bain, le pied attachésaw
42%
dans un hôpital psychiatrique, Jack Nicholson y met son grain de selvol au dessus d'un nid de coucou
42%
grand succès de 2008bienvenue chez les ch'tis
37%
charmant bates motelpsychose
35%
A la fin, il y a une voiture qui volegrease
34%
HorreurSidney Prescott est l'héroïne du filmscream
34%
Louis de Funès y joue Victor Pivertles aventures de rabbi jacob
33%
les men in black de la musiqueles blues brothers
32%
David lynch devait réaliser le sixièmeStar Wars
28%
dans la VO, il y a la voix de the Rockvaiana
28%
son titre québécois est "pour l'amour d'Hollywood"la la land
27%
comédie musicale"somewhere over the rainbow"le magicien d'oz
27%
un photographe qui a le pied dans le plâtrefenêtre sur cour
25%
un amour entre Geena Davis et Jeff goldblumla mouche
25%
film où les enfants de Nicole Kidman sont alérgique au soleilles autres
25%
un duel fantastique entre Robin Williams et Dustin Huffmanhook
23%
une petite fille au manteau rougela liste de Schindler
20%
ça parle des studios de cinéma dans les années 20chantons sous la pluie
19%
americainun mariage à El paso qui tourne au vinaigrekill bill
19%
dites trois fois son nom, et il apparaitBeetlejuice
17%
Françaisfilm où la famille Harpel cotoie Monsieur Hulotmon oncle
15%
film de 1978 par la Mustafa productionhalloween
14%
film de zombie espagnol sorti en 2007rec
14%
film de zombie qui se passe dans un centre commercialezombie
14%
"ils se déplacent en troupeaux"jurassic park
13%
premier blockbuster de l'histoireles dents de la mer
11%
l'histoire se passe en Italiepinocchio
11%
film où il y a un vol de tableau dans une ville portuairele gendarme de saint tropez
10%
film où un facteur français veut utiliser la méthode américainejour de fete
8%
casting composé de Tim curry, Susan Sarandon et richard O'breinthe rocky horror picture show
8%
film de comédie pendant la 2nd guerre mondiale réalisé par Robert Amoureuxmais ou est donc passée la septième compagnie
5%
film où un peuple est appelé les troglodytesdelicatessen
3%
l'un des derniers film de John HustonAnnie
2%
un cowboy, une comedienne en herbe, une amnésiquemulholland drive
1%

Distribution des résultats

Percentile par nombre de réponses

% des personnes avec chaque résultat

Votre développement - résultats

Vous n’avez pas pris ce quiz